Planning and house building: a step from the bottom up (Record no. 117599)
[ view plain ]
| 000 -LEADER | |
|---|---|
| fixed length control field | 00936cam a2200217 4500 |
| 001 - CONTROL NUMBER | |
| control field | ABS67931 |
| 008 - FIXED-LENGTH DATA ELEMENTS--GENERAL INFORMATION | |
| fixed length control field | 040625n2004 000 0 eng u |
| 035 ## - SYSTEM CONTROL NUMBER | |
| System control number | (Sirsi) u126610 |
| 100 ## - MAIN ENTRY--PERSONAL NAME | |
| Personal name | Carmona, M. |
| 245 ## - TITLE STATEMENT | |
| Title | Planning and house building: a step from the bottom up |
| 260 ## - PUBLICATION, DISTRIBUTION, ETC. | |
| Date of publication, distribution, etc. | 2004 |
| 490 ## - SERIES STATEMENT | |
| Series statement | Town Planning Review |
| Volume/sequential designation | 75(1) 2004, 97-122(26) |
| 520 ## - SUMMARY, ETC. | |
| Summary, etc. | Draws on the findings of 11 local case studies to demonstrate how a range of local practices and initiatives guiding new housing development are addressing the need for greater speed and efficiency, the lack of inclusive planning and decision making, the failure to integrate policy areas and the lack of certainty and transparency in policy and its implementation. References. |
| 590 ## - LOCAL NOTE (RLIN) | |
| Local note | ABS |
| 590 ## - LOCAL NOTE (RLIN) | |
| Local note | ABS |
| 650 ## - SUBJECT ADDED ENTRY--TOPICAL TERM | |
| Topical term or geographic name entry element | SUSTAINABLE DEVELOPMENT |
| 650 ## - SUBJECT ADDED ENTRY--TOPICAL TERM | |
| Topical term or geographic name entry element | SUSTAINABLE HOUSING |
| 690 ## - LOCAL SUBJECT ADDED ENTRY--TOPICAL TERM (OCLC, RLIN) | |
| Topical term or geographic name as entry element | HOUSING-DEVELOPMENT |
| 700 ## - ADDED ENTRY--PERSONAL NAME | |
| Personal name | Gallent, G. |
| 942 ## - ADDED ENTRY ELEMENTS (KOHA) | |
| Suppress in OPAC | 0 |
| Withdrawn status | Lost status | Source of classification or shelving scheme | Damaged status | Not for loan | Home library | Current library | Shelving location | Date acquired | Total Checkouts | Full call number | Barcode | Date last seen | Copy number | Price effective from | Koha item type |
|---|---|---|---|---|---|---|---|---|---|---|---|---|---|---|---|
| Dewey Decimal Classification | London | London | Journal article | 25/06/2004 | ABS67931 | 126610-1001 | 06/08/2019 | 1 | 06/08/2019 | Journal article |